00306pab a2200121 454500008004000000100001900040245004600059260000900105300001400114362001200128650002800140773001600168180718b2004 xxu||||| |||| 00| 0 eng d aChopra, Rakesh aThe maritime dimension of energy security c2004 ap.376-86. aJul-Sep aInternational relations aUSI Journal